Traducciones

Gespeichert in:
Bibliographische Detailangaben
Hauptverfasser: Barra, Eduardo de la (VerfasserIn), Horacio (VerfasserIn)
Format: Buch
Sprache:Spanisch
Veröffentlicht: Santiago Imprenta Moderna 1898
Ausgabe:1a. ed
Schriftenreihe:Biblioteca de La Revista de Chile
Schlagworte:
Tags: Tag hinzufügen
Keine Tags, Fügen Sie den ersten Tag hinzu!

MARC

LEADER 00000nam a2200000 a 4500
001 UCJ4001
003 CL-VaPUC
008 070124e18980000CL |||||||||||||||||spa|d
082 0 4 |a Ch861  |b BAR  |2 21 
100 0 |a Barra, Eduardo de la  |e author  |9 390300 
700 |a Horacio  |e author  |9 267078 
245 1 0 |a Traducciones 
246 1 0 |a Odas de Horacio 
246 1 0 |a Otras traducciones 
250 |a 1a. ed 
300 |a 72 p 
942 |c BK 
945 |d 20070124 00:00:00  |a rinostro 
260 |a Santiago  |b Imprenta Moderna  |c 1898 
500 |a Traducciones de varios autores 
500 |a Por tratarse de Eduardo de la Barra, está junto a Colección Literatura chilena 
650 0 |a Literatura  |9 259151 
650 0 |a Poesía latina   |9 341307 
650 0 |a Crítica literaria   |9 269189 
583 |a last modification  |c 20070124 00:00:00  |k Rodrigo Vera 
490 0 |a Biblioteca de La Revista de Chile 
999 |c 320119  |d 320117 
952 |0 0  |1 0  |4 0  |6 CH_861_000000000000000_BAR_1898  |7 0  |8 X  |9 398587  |a FDOBUD  |b FDOBUD  |d 2019-11-22  |i 1012002  |o Ch861 BAR 1898  |p 1012002  |r 2019-11-22  |w 2019-11-22  |y BK_X  |k BUD